Prognóza vývoja cestovného ruchu na Slovensku diplomová práca

Uložené v:
Podrobná bibliografia
Hlavný autor: Hortová, Anna
Korporativný autor: Obchodná fakulta EU. Katedra služieb a cestovného ruchu - zrušené
Ďalší autori: Litomerický, Juraj
Médium: Kniha
Jazyk:Slovak
Vydavateľské údaje: Bratislava 2013
Tagy: Pridať tag
Žiadne tagy, Buďte prvý, kto otaguje tento záznam!

MARC

LEADER 00000nbm a2200000 4500
001 0169640
005 20161109102317.1
041 0 |a slo 
044 |a SK 
245 1 0 |a Prognóza vývoja cestovného ruchu na Slovensku  |b diplomová práca  |c Anna Hortová ; školiteľ: Juraj Litomerický 
264 1 |a Bratislava  |c 2013 
300 |a 93 s. 
100 1 |a Hortová, Anna 
700 1 |a Litomerický, Juraj 
710 2 |a Obchodná fakulta EU. Katedra služieb a cestovného ruchu - zrušené